Η διαδικασία του πολιτισμού : μια ιστορία της κοινωνικής συμπεριφοράς στη δύση ; κοινωνιογενετικές και ψυχογενετικές έρευνες
Αποθηκεύτηκε σε:
| Κύριος συγγραφέας: | |
|---|---|
| Άλλοι συγγραφείς: | , |
| Μορφή: | Βιβλίο |
| Γλώσσα: | Greek German |
| Δημοσίευση: |
Αθήνα :
Αλεξάνδρεια,
1996, 1997.
|
| Έκδοση: | 2η έκδ., αναθ. |
| Σειρά: | Νεότερη και σύγχρονη ιστορία (Αλεξάνδρεια)
|
| Θέματα: | |
| Ετικέτες: |
Προσθήκη ετικέτας
Δεν υπάρχουν, Καταχωρήστε ετικέτα πρώτοι!
|
MARC
| LEADER | 00000cam a2200000 i 4500 | ||
|---|---|---|---|
| 001 | 1/15521 | ||
| 020 | |a 9602211105 | ||
| 035 | |l 10019858 | ||
| 035 | |l 10017099 | ||
| 040 | |a GR-MY-UA |b gre |e aacr | ||
| 041 | 1 | |a gre |h ger | |
| 082 | 7 | |a 390.09 |2 (22) | |
| 100 | 1 | |a Elias, Norbert, |d 1897-1990. | |
| 245 | 1 | 2 | |a Η διαδικασία του πολιτισμού : |b μια ιστορία της κοινωνικής συμπεριφοράς στη δύση ; κοινωνιογενετικές και ψυχογενετικές έρευνες / |c Norbert Elias ; μετάφραση: Θεόδωρος Λουπασάκης ; επιμέλεια: Κώστας Λιβιεράτος. |
| 250 | |a 2η έκδ., αναθ. | ||
| 260 | |a Αθήνα : |b Αλεξάνδρεια, |c 1996, 1997. | ||
| 300 | |a 399 σ. ; |c 24 εκ. | ||
| 490 | 1 | |a (Νεότερη και σύγχρονη ιστορία / Αλεξάνδρεια) | |
| 500 | |a Μετάφραση του: Uber den Prozess der Zivilization; sociogenetische und psychogenetische Untersuchungen | ||
| 504 | |a Περιέχει ευρετήριο. | ||
| 650 | 0 | 0 | |a Manners and customs |x History. |
| 650 | 0 | 0 | |a Civilization |x History. |
| 650 | 0 | 0 | |a Civilization |x Philosophy. |
| 700 | 1 | |a Λουπασάκης, Θεόδωρος, |e trl | |
| 700 | 1 | |a Λιβιεράτος, Κώστας, |e edt | |
| 830 | 0 | |a Νεότερη και σύγχρονη ιστορία (Αλεξάνδρεια) | |
| 852 | |a INST |b LESVOS |e 19961104 |h 390.09 ELI |p 005100012658 |q 005100012658 |t BK |y 0 | ||
| 852 | |a INST |b LESVOS |e 19980615 |h 390.09 ELI |p 005100014350 |q 005100014350 |t BK |y 0 | ||
| 852 | |a INST |b LESVOS |e 19980615 |h 390.09 ELI |p 005100014351 |q 005100014351 |t BK |y 0 | ||
| 852 | |a INST |b LESVOS |e 19970929 |h 390.09 ELI |p 005100015642 |q 005100015642 |t BK |y 0 | ||
| 852 | |a INST |b RHODES |e 20000210 |h 390.09 ELI |p 005400014002 |q 005400014002 |t BK |y 0 | ||
| 901 | |a BIBL-1998-2 | ||
| 901 | |a BIBL4-2000-1 | ||
| 909 | |a Λ |b 057475 | ||
| 909 | |a Λ |b 057476 | ||
| 909 | |a Λ |b 048722 | ||
| 909 | |a Ρ |b 073626 | ||
| 922 | |a 1ΕΛΗ |b 199806 |c ΦΜ | ||
| 922 | |a 4ΕΛΗ |b 200002 |c ΔΩΡΕΑ | ||
| 970 | |z 1998/06 | ||